Ronde des mots (Wordscapes) - Présidents de la République française - Statistiques

Statistiques générales
  • Ce quiz a été pris 143 fois
  • Le résultat moyen est 9 sur 14
Statistiques - réponses
Présidents de la République % Correct
Macron
100%
Hollande
96%
Chirac
91%
De Gaulle
87%
Giscard D'Estaing
83%
Mitterrand
69%
Doumer
56%
Thiers
54%
Doumergue
52%
Auriol
48%
Millerand
46%
Carnot
44%
Deschanel
44%
Mac Mahon
41%
Aucun quiz correspondant
Distribution des résultats
% des personnes avec chaque résultat
Percentile par nombre de réponses
Votre historique - résultats
Vous n’avez pas pris ce quiz